Sports Quiz

Random Sports or MLB Quiz
Score 0/21 Timer 05:00
2 Plays Today
Letter Hitter(s) % Correct
BBarry Bonds, Ernie Banks...
97%
RBabe Ruth, Alex Rodriguez...
96.4%
AHank Aaron, Dick Allen
95.2%
MWillie Mays, Mark McGwire...
92%
SSammy Sosa, Mike Schmidt...
86.8%
GKen Griffey Jr., Lou Gehrig...
86%
WTed Williams, Dave Winfield...
81.1%
JReggie Jackson, Chipper Jones...
80.3%
TJim Thome, Frank Thomas...
79.9%
PAlbert Pujols, Rafael Palmeiro...
76.1%
KHarmon Killebrew, Dave Kingman...
75%
Letter Hitter(s) % Correct
DCarlos Delgado, Adam Dunn...
71.8%
ODavid Ortiz, Mel Ott
70.3%
YCarl Yastrzemski
69.8%
CMiguel Cabrera, Jose Canseco...
67.1%
FJimmie Foxx, Carlton Fisk
54.8%
HFrank Howard, Ryan Howard...
43.2%
EDarrell Evans, Edwin Encarnacion...
40.4%
NGraig Nettles
27.1%
VGreg Vaughn
25.9%
LCarlos Lee
16.8%

You're not logged in!

Compare scores with friends on all Sporcle quizzes.
OR
Log In

Sporcle TV

Today on Sporcle TV


Watch our educational content, quiz creation guides, and fun videos on Sporcle TV.

Show Comments

Extras

Top Quizzes Today


Score Distribution

Paid Content

Your Account Isn't Verified!

In order to create a playlist on Sporcle, you need to verify the email address you used during registration. Go to your Sporcle Settings to finish the process.

Report this User

Report this user for behavior that violates our Community Guidelines.

Details: